| 000 | 00458nam a22001817a 4500 | ||
|---|---|---|---|
| 003 | Ost | ||
| 005 | 20250407100318.0 | ||
| 008 | 250403b |||||||| |||| 00| 0 eng d | ||
| 020 | _a9781936787975 | ||
| 040 | _cBT-PhCST | ||
| 050 | _aD4657 | ||
| 082 |
_a273.0496 _bCHU _222 |
||
| 100 | _aChung, Nicole. | ||
| 245 | _aAll you can ever know / | ||
| 260 |
_aNew York : _bCatapult Publisher Group, _cc2018. |
||
| 300 |
_bill.; _c24 cm _a225 p. : |
||
| 942 |
_2ddc _cF |
||
| 999 |
_c9988 _d9988 |
||